| 000 | 01058cam a22002651i 4500 | ||
|---|---|---|---|
| 003 | SA-RiAUC | ||
| 005 | 20251010162347.0 | ||
| 008 | 251010s2010 su g 000 0 ara c | ||
| 020 | _z978977375107 | ||
| 040 |
_aSA-RiIMS _bara _cSA-RiAUC _erda |
||
| 082 | 0 | 4 | _a231 |
| 090 |
_a231 _bق و ا |
||
| 245 | 0 | 2 |
_aالقواعد الحديثية / _cجمع وترتيب وتعليق أبي معاذ طارق بن عوض الله بن محمد. |
| 250 | _aالطبعة الأولى. | ||
| 264 | 1 |
_aالرياض : _aالقاهرة : _bدار ابن القيم للنشر والتوزيع ؛ _bدار ابن عفان، _c2010. |
|
| 300 |
_a2 مجلد ؛ _c24 سم. |
||
| 336 |
_aنص _btxt _2rdacontent _3كتاب |
||
| 337 |
_aبدون وسيط _bn _2rdamedia |
||
| 338 |
_aمجلد _bnc _2rdacarrier |
||
| 490 | 0 |
_aجامع المسائل الحديثية ؛ _v27 |
|
| 650 | 7 |
_aالحديث _xمصطلح _2aucsh |
|
| 700 | 1 |
_aابن محمد، طارق بن عوض الله، _d1963- _eجامع. |
|
| 942 |
_2ddc _cBOOK |
||
| 949 |
_aSA-JeALM _d251010 _ukhaled123 _n1 |
||
| 999 |
_c12486 _d12486 |
||